=LDR 00000nam 2200000 4500 =001 NUTBA000000000002961 =005 20140714110321.0 =006 =007 =008 =020 ##$$a 978-979-25-4876-1 =035 ##$$0010-071400000000149 =040 ##$$a NBPDMAT =082 ##$$a 618.6 =090 ##$$a 618.6 $b Nur a =100 ##$$a Nurul Jannah =245 ##$$a Asuhan kebidanan ibu nifas / $c Nurul Jannah ; editor Meita sandra =250 ##$$a Cet.2 =260 ##$$a Jogyakarta : $b AR.Ruzmedia, $c 2013 =300 ##$$a 159 hlm. : $b. ilus. ; $c 21 cm. =500 ##$$a Bibliografi : hlm. 153 - 154 =650 ##$$a Puerperium ( Nifas ) =850 ##$$a NBPDMAT =990 ##$$a 21403682 =990 ##$$a 0001/BPAP-NTB/20142015 =990 ##$$a 0001/BPAP-NTB/20142015